00393nam a22001217a 4500008004100000020002200041082001400063100002300077245009700100260002800197300001600225650003000241170317b xxu||||| |||| 00| 0 eng d a978-1-84787-293-7 a658.3 HAR aHARZING Anne-Will aInternational Human Resource ManagementcAnne -Will Harzing and Ashly H. PinningtonhEnglish aLos AngelesbSagec2011 a641p.c23cm 2Human Resource Management